[Event "RUS-chT (Women)"]
[Site "Sochi"]
[Date "2018.05.10"]
[Round "9.3"]
[White "Nechaeva, Marina"]
[Black "Makarova, Darya"]
[Result "1/2-1/2"]
[WhiteElo "2407"]
[BlackElo "1892"]
[PlyCount "87"]
[EventDate "2018.05.01"]
[EventType "team-tourn"]
[EventRounds "9"]
[EventCountry "RUS"]
[SourceTitle "CBM 184 Extra"]
[Source "ChessBase"]
[SourceDate "2018.06.28"]
[SourceVersion "1"]
[SourceVersionDate "2018.06.28"]
[SourceQuality "1"]
[WhiteTeam "Ugra (W)"]
[BlackTeam "Samarsk Region (W)"]
[WhiteTeamCountry "RUS"]
[BlackTeamCountry "RUS"]

1. d4 d5 2. c4 e6 3. Nc3 Nf6 4. cxd5 exd5 5. Bg5 Bb4 6. e3 Bf5 7. Qa4+ Nc6 8. Bb5 Bxc3+ 9. bxc3 Qd6 10. Bf4 Qe6 11. Bxc7 0-0 12. Nf3 Ne4 13. Rc1 Bg4 14. Be2 Rac8 15. Bg3 Ne7 16. Qa3 Ng6 17. Qb2 f5 18. 0-0 f4 19. Bxf4 Nxf4 20. exf4 Rxf4 21. Ne5 Bxe2 22. Qxe2 Rxc3 23. Rxc3 Nxc3 24. Qe3 Rxd4 25. Qxc3 Qxe5 26. Re1 Qf6 27. Qc8+ Qf8 28. Qxb7 a5 29. f3 h6 30. Qc6 Qf5 31. Qa8+ Kh7 32. Qxa5 Qc2 33. Qa6 Rd2 34. Qf1 Qxa2 35. h4 d4 36. Kh2 d3 37. f4 Re2 38. Rd1 Qc2 39. f5 Rxg2+ 40. Qxg2 Qxd1 41. Qg6+ Kh8 42. Qe8+ Kh7 43. Qg6+ Kh8 44. Qe8+ 1/2-1/2

[Event "RUS-chT (Women)"]
[Site "Sochi"]
[Date "2018.05.09"]
[Round "8.5"]
[White "Markelova, Lubov"]
[Black "Makarova, Darya"]
[Result "1-0"]
[WhiteElo "2127"]
[BlackElo "1892"]
[PlyCount "83"]
[EventDate "2018.05.01"]
[EventType "team-tourn"]
[EventRounds "9"]
[EventCountry "RUS"]
[SourceTitle "CBM 184 Extra"]
[Source "ChessBase"]
[SourceDate "2018.06.28"]
[SourceVersion "1"]
[SourceVersionDate "2018.06.28"]
[SourceQuality "1"]
[WhiteTeam "Tatarstan Ladya (W)"]
[BlackTeam "Samarsk Region (W)"]
[WhiteTeamCountry "RUS"]
[BlackTeamCountry "RUS"]

1. Nf3 d5 2. d4 Nf6 3. c4 e6 4. e3 c6 5. b3 Nbd7 6. Bd3 Bd6 7. Bb2 0-0 8. 0-0 Re8 9. Ne5 Ne4 10. Qc2 Bxe5 11. dxe5 Ndc5 12. Be2 Nd7 13. b4 f5 14. f3 Ng5 15. Nd2 b6 16. cxd5 cxd5 17. f4 Ne4 18. Nxe4 fxe4 19. Rac1 a5 20. f5 exf5 21. Qc6 Ra7 22. Qxd5+ Kh8 23. Bb5 Nf8 24. Rfd1 Qxd5 25. Rxd5 Bd7 26. Bxd7 Rxd7 27. Rxd7 Nxd7 28. Rc7 Rd8 29. e6 Nf6 30. Bxf6 gxf6 31. b5 Kg8 32. Rb7 Re8 33. Rxb6 Kf8 34. Ra6 Ke7 35. Rxa5 Kxe6 36. b6 Rb8 37. Rb5 f4 38. exf4 f5 39. Kf2 Kd6 40. a4 Kc6 41. Rxf5 Kxb6 42. Rb5+ 1-0

[Event "RUS-chT (Women)"]
[Site "Sochi"]
[Date "2018.05.03"]
[Round "3.5"]
[White "Khatmullina, Dilara"]
[Black "Makarova, Darya"]
[Result "1-0"]
[WhiteElo "1860"]
[BlackElo "1892"]
[PlyCount "71"]
[EventDate "2018.05.01"]
[EventType "team-tourn"]
[EventRounds "9"]
[EventCountry "RUS"]
[SourceTitle "CBM 184 Extra"]
[Source "ChessBase"]
[SourceDate "2018.06.28"]
[SourceVersion "1"]
[SourceVersionDate "2018.06.28"]
[SourceQuality "1"]
[WhiteTeam "Tolpar (Bashkortostan) (W)"]
[BlackTeam "Samarsk Region (W)"]
[WhiteTeamCountry "RUS"]
[BlackTeamCountry "RUS"]

1. g3 d5 2. Bg2 c6 3. Nf3 Nf6 4. 0-0 Bg4 5. d3 Nbd7 6. Nbd2 e5 7. e4 Bd6 8. c3 0-0 9. Qc2 Nc5 10. b4 Ne6 11. Re1 Bxf3 12. Nxf3 d4 13. Bb2 Qc7 14. cxd4 Bxb4 15. Re2 exd4 16. Nxd4 Nxd4 17. Bxd4 Qd6 18. Bb2 Qe6 19. Rb1 a5 20. Bd4 c5 21. Ba1 Rac8 22. e5 Nd7 23. Bxb7 Rc7 24. Be4 Rfc8 25. Qc4 Qe7 26. e6 fxe6 27. Bf5 Nf8 28. Bxe6+ Nxe6 29. Rxe6 Qf7 30. a3 h6 31. axb4 cxb4 32. Qe4 Rc2 33. Bd4 a4 34. Re7 Qa2 35. Rxg7+ Kf8 36. Qe7# 1-0

[Event "RUS-chT (Women)"]
[Site "Sochi"]
[Date "2018.05.02"]
[Round "2.5"]
[White "Makarova, Darya"]
[Black "Chan, Naruna"]
[Result "1/2-1/2"]
[WhiteElo "1892"]
[BlackElo "1927"]
[PlyCount "80"]
[EventDate "2018.05.01"]
[EventType "team-tourn"]
[EventRounds "9"]
[EventCountry "RUS"]
[SourceTitle "CBM 184 Extra"]
[Source "ChessBase"]
[SourceDate "2018.06.28"]
[SourceVersion "1"]
[SourceVersionDate "2018.06.28"]
[SourceQuality "1"]
[WhiteTeam "Samarsk Region (W)"]
[BlackTeam "Togliatti Bukavushki (W)"]
[WhiteTeamCountry "RUS"]
[BlackTeamCountry "RUS"]

1. d4 Nf6 2. Nf3 b6 3. e3 Bb7 4. Bd3 e6 5. Nbd2 d5 6. b3 Be7 7. Bb2 0-0 8. 0-0 c5 9. Ne5 Nbd7 10. f4 Qc7 11. Qe2 Ne4 12. c4 Nxd2 13. Qxd2 dxc4 14. bxc4 f5 15. d5 exd5 16. cxd5 Bd6 17. Bc4 Kh8 18. Nf3 Nf6 19. Ng5 Ne4 20. Nxe4 fxe4 21. Rad1 Qd7 22. Qe2 a6 23. a4 Qc7 24. Bc3 Bc8 25. Be5 Bd7 26. Bxd6 Qxd6 27. Bxa6 Bxa4 28. Rb1 Rfb8 29. Qc4 Rxa6 30. Qxa6 Bc2 31. Rbd1 Bxd1 32. Rxd1 h6 33. Qb5 Rd8 34. Qc4 Re8 35. Ra1 Re7 36. Ra8+ Kh7 37. Ra6 Qd8 38. Qb3 Rb7 39. Qc4 Re7 40. Qb3 Rb7 1/2-1/2

[Event "RUS-chT (Women)"]
[Site "Sochi"]
[Date "2018.05.01"]
[Round "1.5"]
[White "Smirnova, Ekaterina"]
[Black "Makarova, Darya"]
[Result "1-0"]
[WhiteElo "2149"]
[BlackElo "1892"]
[PlyCount "45"]
[EventDate "2018.05.01"]
[EventType "team-tourn"]
[EventRounds "9"]
[EventCountry "RUS"]
[SourceTitle "CBM 184 Extra"]
[Source "ChessBase"]
[SourceDate "2018.06.28"]
[SourceVersion "1"]
[SourceVersionDate "2018.06.28"]
[SourceQuality "1"]
[WhiteTeam "Moscow Devyataya Gorizontal (W)"]
[BlackTeam "Samarsk Region (W)"]
[WhiteTeamCountry "RUS"]
[BlackTeamCountry "RUS"]

1. d4 d5 2. c4 e6 3. cxd5 exd5 4. Nc3 Nf6 5. Bg5 Be7 6. e3 c6 7. Bd3 Nbd7 8. Qc2 Nh5 9. Bxe7 Qxe7 10. Nge2 g6 11. 0-0-0 Nhf6 12. h4 0-0 13. Nf4 b5 14. h5 g5 15. Nfe2 b4 16. Na4 Nb6 17. Nc5 Nbd7 18. Kb1 Nxc5 19. dxc5 Bg4 20. f3 Bxh5 21. Bxh7+ Kg7 22. Nd4 Rh8 23. Nf5+ 1-0

[Event "St Petersburg Summer op"]
[Site "St Petersburg"]
[Date "2017.08.22"]
[Round "7"]
[White "Grubova, Sofia"]
[Black "Makarova, Darya"]
[Result "0-1"]
[WhiteElo "1641"]
[BlackElo "1852"]
[PlyCount "50"]
[EventDate "2017.08.16"]
[EventType "swiss"]
[EventRounds "9"]
[EventCountry "RUS"]
[SourceTitle "CBM 180 Extra"]
[Source "ChessBase"]
[SourceDate "2017.10.06"]
[SourceVersion "1"]
[SourceVersionDate "2017.10.06"]
[SourceQuality "1"]

1. e4 e5 2. Nf3 Nc6 3. Bc4 Bc5 4. c3 Nf6 5. d4 exd4 6. e5 Ne4 7. 0-0 d5 8. exd6 Nxd6 9. Re1+ Ne7 10. cxd4 Bb6 11. Bg5 f6 12. Bf4 Bg4 13. Bxd6 Qxd6 14. Nc3 0-0-0 15. h3 Bxf3 16. Qxf3 Nc6 17. Be6+ Kb8 18. d5 Nd4 19. Qd3 Nxe6 20. Rxe6 Qxe6 21. Qxh7 Rxh7 22. dxe6 Re8 23. Re1 Ba5 24. e7 Bxc3 25. Rd1 Rhh8 0-1

[Event "St Petersburg Summer op"]
[Site "St Petersburg"]
[Date "2017.08.21"]
[Round "6"]
[White "Makarova, Darya"]
[Black "Lezhepekova, Veronika"]
[Result "0-1"]
[WhiteElo "1852"]
[BlackElo "2040"]
[PlyCount "74"]
[EventDate "2017.08.16"]
[EventType "swiss"]
[EventRounds "9"]
[EventCountry "RUS"]
[SourceTitle "CBM 180 Extra"]
[Source "ChessBase"]
[SourceDate "2017.10.06"]
[SourceVersion "1"]
[SourceVersionDate "2017.10.06"]
[SourceQuality "1"]

1. b4 e6 2. Bb2 Nf6 3. b5 d5 4. e3 a6 5. a4 c6 6. c4 axb5 7. axb5 Rxa1 8. Bxa1 Bd6 9. Nf3 0-0 10. Be2 Nbd7 11. 0-0 e5 12. d4 e4 13. Nfd2 Re8 14. Nc3 Nf8 15. h3 Bb8 16. bxc6 Qc7 17. f4 exf3 18. Rxf3 Qh2+ 19. Kf2 Ne4+ 20. Ncxe4 dxe4 21. Nxe4 Rxe4 22. cxb7 Bxb7 23. Qb1 Re7 24. d5 Be5 25. Bxe5 Qxe5 26. Bd3 Ng6 27. Bxg6 hxg6 28. Qb6 Kh7 29. Qd8 Qe4 30. d6 Re5 31. d7 Qc2+ 32. Kg3 Bxf3 33. gxf3 f6 34. h4 Qd1 35. e4 Qg1+ 36. Kh3 Qf2 37. Qa8 Rh5 0-1

[Event "St Petersburg Summer op"]
[Site "St Petersburg"]
[Date "2017.08.16"]
[Round "1"]
[White "Shchukin, Dmitry"]
[Black "Makarova, Darya"]
[Result "1-0"]
[WhiteElo "2296"]
[BlackElo "1852"]
[PlyCount "53"]
[EventDate "2017.08.16"]
[EventType "swiss"]
[EventRounds "9"]
[EventCountry "RUS"]
[SourceTitle "CBM 180 Extra"]
[Source "ChessBase"]
[SourceDate "2017.10.06"]
[SourceVersion "1"]
[SourceVersionDate "2017.10.06"]
[SourceQuality "1"]

1. e4 e5 2. Bc4 Bc5 3. Nf3 Nc6 4. c3 Bb6 5. d4 Qe7 6. 0-0 d6 7. a4 a5 8. Na3 Bg4 9. Bb5 Bxf3 10. Qxf3 exd4 11. e5 Qd7 12. exd6 cxd6 13. Nc4 Bc5 14. cxd4 Bxd4 15. Rd1 Bc5 16. Bf4 Nge7 17. Bxd6 0-0 18. Bxc5 Qc7 19. Bd6 Qd8 20. Bxc6 bxc6 21. Qa3 Re8 22. Bxe7 Qxe7 23. Qxe7 Rxe7 24. Nxa5 c5 25. Nc4 g6 26. g3 Rb7 27. Rd5 1-0

[Event "Samara Polugaevsky Memorial 7th"]
[Site "Samara"]
[Date "2017.07.16"]
[Round "9"]
[White "Makarova, Darya"]
[Black "Sergeyev, Dmitriy"]
[Result "0-1"]
[WhiteElo "1822"]
[BlackElo "2030"]
[PlyCount "70"]
[EventDate "2017.07.08"]
[EventType "swiss"]
[EventRounds "9"]
[EventCountry "RUS"]
[SourceTitle "EXT 2018"]
[Source "ChessBase"]
[SourceDate "2017.10.13"]
[SourceVersion "1"]
[SourceVersionDate "2017.10.13"]
[SourceQuality "1"]

1. d4 Nf6 2. Nf3 g6 3. e3 Bg7 4. c4 d6 5. b4 c5 6. a3 0-0 7. Bb2 cxd4 8. exd4 a5 9. Be2 axb4 10. axb4 Rxa1 11. Bxa1 d5 12. c5 Ne4 13. 0-0 Nd7 14. Ne5 Qc7 15. Nxd7 Bxd7 16. Nd2 Ra8 17. Nxe4 dxe4 18. Qc2 Bc6 19. Bc4 Qd7 20. Qd2 Bd5 21. Bxd5 Qxd5 22. Bc3 Ra2 23. Qe3 Qc4 24. Ra1 Bh6 25. Qe1 f5 26. Rxa2 Qxa2 27. Qa1 Qd5 28. h3 e3 29. fxe3 Bxe3+ 30. Kh1 f4 31. Qd1 e5 32. b5 exd4 33. c6 bxc6 34. b6 dxc3 35. Qc2 Bxb6 0-1

[Event "RUS-chT (Women)"]
[Site "Sochi"]
[Date "2017.05.04"]
[Round "4.2"]
[White "Voit, Daria"]
[Black "Makarova, Darya"]
[Result "1-0"]
[WhiteElo "2420"]
[BlackElo "1827"]
[PlyCount "83"]
[EventDate "2017.05.01"]
[EventType "team-tourn"]
[EventRounds "9"]
[EventCountry "RUS"]
[SourceTitle "CBM 178 Extra"]
[Source "ChessBase"]
[SourceDate "2017.06.22"]
[SourceVersion "1"]
[SourceVersionDate "2017.06.22"]
[SourceQuality "1"]
[WhiteTeam "Moscow Legacy Square (W)"]
[BlackTeam "Samara Zhiguli (W)"]
[WhiteTeamCountry "RUS"]
[BlackTeamCountry "RUS"]

1. e4 c6 2. Nf3 d5 3. Nc3 Bg4 4. h3 Bxf3 5. Qxf3 d4 6. Bc4 e6 7. Ne2 Ne7 8. d3 Ng6 9. Qg3 Be7 10. 0-0 0-0 11. f4 c5 12. Qf3 Nc6 13. a3 Na5 14. Ba2 b5 15. f5 exf5 16. Qxf5 Bf6 17. Nf4 Nh4 18. Qg4 Qc8 19. Qg3 Qc7 20. Qe1 Ng6 21. Nd5 Qd8 22. Nxf6+ gxf6 23. Qf2 Kg7 24. Qd2 Rb8 25. Qh6+ Kg8 26. Rf5 Qe7 27. Rh5 Rfc8 28. Qxh7+ Kf8 29. Bh6+ Ke8 30. Rf1 Rb6 31. Qg8+ Kd7 32. Qxf7 Qxf7 33. Bxf7 Ne5 34. Bd5 Rh8 35. g4 c4 36. Bg7 Rxh5 37. gxh5 cxd3 38. cxd3 Ke7 39. h6 Ng6 40. h7 Rb8 41. Rxf6 Nh8 42. Bg8 1-0

[Event "RUS-chT (Women)"]
[Site "Sochi"]
[Date "2017.05.02"]
[Round "2.3"]
[White "Azimova, Karina"]
[Black "Makarova, Darya"]
[Result "1-0"]
[WhiteElo "2059"]
[BlackElo "1827"]
[PlyCount "77"]
[EventDate "2017.05.01"]
[EventType "team-tourn"]
[EventRounds "9"]
[EventCountry "RUS"]
[SourceTitle "CBM 178 Extra"]
[Source "ChessBase"]
[SourceDate "2017.06.22"]
[SourceVersion "1"]
[SourceVersionDate "2017.06.22"]
[SourceQuality "1"]
[WhiteTeam "Bukavushki Tolyatti (W)"]
[BlackTeam "Samara Zhiguli (W)"]
[WhiteTeamCountry "RUS"]
[BlackTeamCountry "RUS"]

1. e4 c6 2. d4 d5 3. exd5 cxd5 4. Bd3 Nc6 5. c3 Qc7 6. h3 e5 7. dxe5 Nxe5 8. Bc2 Be6 9. Nf3 Nxf3+ 10. Qxf3 Nf6 11. 0-0 0-0-0 12. a4 Bd6 13. Na3 a6 14. Bf5 h6 15. Be3 Nd7 16. Rfc1 Ne5 17. Bxe6+ fxe6 18. Qe2 Bxa3 19. Rxa3 Nc4 20. Raa1 Nxe3 21. Qxe3 e5 22. b4 Rhe8 23. b5 Re6 24. Rab1 a5 25. b6 Qc4 26. Rb5 Qxa4 27. c4 d4 28. Qd2 Qa3 29. Rxa5 Qd6 30. Rb1 Qc6 31. Rbb5 Qe4 32. Ra8+ Kd7 33. Rd5+ Ke7 34. Raxd8 Rxb6 35. R5d7+ Ke6 36. Rxg7 Rb1+ 37. Kh2 Qh4 38. Rdg8 d3 39. Rg4 1-0

[Event "Moscow op-B (Women)"]
[Site "Moscow"]
[Date "2015.02.07"]
[Round "8"]
[White "Troyanok, Tatiana"]
[Black "Makarova, Darya"]
[Result "1-0"]
[WhiteElo "1604"]
[BlackElo "1797"]
[PlyCount "67"]
[EventDate "2015.01.31"]
[EventType "swiss"]
[EventRounds "9"]
[EventCountry "RUS"]
[SourceTitle "CBM 164 Extra"]
[Source "ChessBase"]
[SourceDate "2015.03.02"]
[SourceVersion "1"]
[SourceVersionDate "2015.03.02"]
[SourceQuality "1"]

1. d4 d5 2. c4 e6 3. Nf3 c6 4. e3 Nf6 5. Nc3 Bd6 6. Qc2 Nbd7 7. Be2 0-0 8. 0-0 Qc7 9. b3 e5 10. cxd5 cxd5 11. dxe5 Nxe5 12. h3 Ne4 13. Bb2 Bf5 14. Qc1 Nxc3 15. Qxc3 Qxc3 16. Bxc3 Nxf3+ 17. Bxf3 Be4 18. Bxe4 dxe4 19. Rfd1 Bc5 20. Rd7 b6 21. b4 Bxe3 22. fxe3 Rac8 23. Bd4 Rc4 24. Rxa7 Rxb4 25. Rb7 h6 26. Rxb6 Rc4 27. a4 Rc7 28. a5 Ra8 29. a6 Kh7 30. Rd6 Re7 31. a7 Rb7 32. Bb6 f5 33. Rd8 Rxb6 34. Rxa8 1-0

[Event "Moscow op-B (Women)"]
[Site "Moscow"]
[Date "2015.02.05"]
[Round "6"]
[White "Malova, Anna"]
[Black "Makarova, Darya"]
[Result "1/2-1/2"]
[WhiteElo "1950"]
[BlackElo "1797"]
[PlyCount "120"]
[EventDate "2015.01.31"]
[EventType "swiss"]
[EventRounds "9"]
[EventCountry "RUS"]
[SourceTitle "CBM 164 Extra"]
[Source "ChessBase"]
[SourceDate "2015.03.02"]
[SourceVersion "1"]
[SourceVersionDate "2015.03.02"]
[SourceQuality "1"]

1. d4 d5 2. Nc3 Nf6 3. Bg5 e6 4. e4 Be7 5. e5 Nfd7 6. Bxe7 Qxe7 7. f4 a6 8. Qg4 f6 9. exf6 Nxf6 10. Qh4 c5 11. Nf3 Nc6 12. Qf2 cxd4 13. Nxd4 e5 14. Nxc6 bxc6 15. fxe5 Qxe5+ 16. Qe2 Qxe2+ 17. Bxe2 0-0 18. 0-0 Re8 19. Bd3 Bd7 20. Na4 Ne4 21. Nb6 Ra7 22. Nxd7 Rxd7 23. Bxa6 Nc5 24. Bd3 Nxd3 25. cxd3 Re3 26. Rfd1 Re2 27. b4 Rb2 28. a3 Rf7 29. Rf1 Ra7 30. Rfc1 Ra6 31. Rc3 Kf7 32. Rac1 d4 33. Rxc6 Rxa3 34. Rb6 h6 35. h3 Kg8 36. Rc7 Rxd3 37. Rg6 Rxb4 38. Rgxg7+ Kf8 39. Rh7 Kg8 40. Rxh6 Rg3 41. Rd6 Kh8 42. Kf2 Rg5 43. h4 Rg4 44. Kf3 d3 45. Rxd3 Rbf4+ 46. Ke3 Re4+ 47. Kf2 Rgf4+ 48. Kg1 Re1+ 49. Kh2 Rxh4+ 50. Rh3 Rxh3+ 51. Kxh3 Rh1+ 52. Kg4 Rd1 53. Kg5 Rd5+ 54. Kh4 Rd1 55. g4 Rh1+ 56. Kg5 Rd1 57. Kh5 Kg8 58. g5 Rd6 59. g6 Rd1 60. Rc4 Kg7 1/2-1/2

[Event "Samara Polugaevsky Memorial 4th"]
[Site "Samara"]
[Date "2014.07.09"]
[Round "8"]
[White "Makarova, Darya"]
[Black "Bykov, Oleg1111"]
[Result "0-1"]
[WhiteElo "1770"]
[BlackElo "1952"]
[PlyCount "60"]
[EventDate "2014.07.02"]
[EventType "swiss"]
[EventRounds "9"]
[EventCountry "RUS"]
[SourceTitle "CBM 161 Extra"]
[Source "ChessBase"]
[SourceDate "2014.08.29"]
[SourceVersion "1"]
[SourceVersionDate "2014.08.29"]
[SourceQuality "1"]

1. d4 d5 2. Nf3 Nf6 3. e3 c5 4. dxc5 Nc6 5. a3 a5 6. c4 e6 7. Nc3 Bxc5 8. cxd5 exd5 9. Bb5 0-0 10. Bxc6 bxc6 11. 0-0 Bg4 12. h3 Bh5 13. g4 Nxg4 14. hxg4 Bxg4 15. Kg2 Qf6 16. e4 Rfe8 17. Qd3 dxe4 18. Nxe4 Qg6 19. Nfg5 Bf5 20. Re1 h6 21. Qc4 hxg5 22. f3 g4 23. Qxc5 gxf3+ 24. Kxf3 Qg4+ 25. Kf2 Bxe4 26. Re3 Qg2+ 27. Ke1 Bf3 28. a4 Rad8 29. Rxe8+ Rxe8+ 30. Be3 Qe2# 0-1

[Event "Samara Polugaevsky Memorial 4th"]
[Site "Samara"]
[Date "2014.07.06"]
[Round "5"]
[White "Makarova, Darya"]
[Black "Popov, Alexey"]
[Result "1/2-1/2"]
[WhiteElo "1770"]
[BlackElo "2120"]
[PlyCount "85"]
[EventDate "2014.07.02"]
[EventType "swiss"]
[EventRounds "9"]
[EventCountry "RUS"]
[SourceTitle "CBM 161 Extra"]
[Source "ChessBase"]
[SourceDate "2014.08.29"]
[SourceVersion "1"]
[SourceVersionDate "2014.08.29"]
[SourceQuality "1"]

1. d4 d6 2. e4 Nf6 3. Bd3 e5 4. c3 Be7 5. Nf3 Bg4 6. Nbd2 Nbd7 7. h3 Bxf3 8. Nxf3 0-0 9. 0-0 c6 10. Qb3 Qc7 11. Bg5 a6 12. a4 Rac8 13. Bxf6 Bxf6 14. Qc2 Rfe8 15. Rfd1 Nf8 16. dxe5 dxe5 17. Be2 Rcd8 18. b4 Ne6 19. Nd2 Nf4 20. Nc4 Be7 21. Ne3 Bf8 22. Bf1 Qe7 23. Rxd8 Rxd8 24. Rd1 Qg5 25. g3 Ne6 26. h4 Qe7 27. Nf5 Qf6 28. Bc4 Nc7 29. Qb3 Rxd1+ 30. Qxd1 g6 31. Ne3 Qe7 32. Qf3 Ne8 33. Ng4 Nd6 34. Bb3 Bg7 35. Qd3 Kf8 36. Ne3 Bh6 37. Nc4 Ne8 38. Nb6 Qd6 39. Qc4 Qe7 40. Kf1 Nd6 41. Qd3 Bg7 42. Kg1 Qc7 43. a5 1/2-1/2

[Event "Samara Polugaevsky Memorial 4th"]
[Site "Samara"]
[Date "2014.07.05"]
[Round "4"]
[White "Rashitov, Denis Rafisovich"]
[Black "Makarova, Darya"]
[Result "0-1"]
[WhiteElo "1698"]
[BlackElo "1770"]
[PlyCount "82"]
[EventDate "2014.07.02"]
[EventType "swiss"]
[EventRounds "9"]
[EventCountry "RUS"]
[SourceTitle "CBM 161 Extra"]
[Source "ChessBase"]
[SourceDate "2014.08.29"]
[SourceVersion "1"]
[SourceVersionDate "2014.08.29"]
[SourceQuality "1"]

1. e4 e5 2. Qh5 Nc6 3. Bc4 g6 4. Qf3 Nf6 5. d3 Nd4 6. Qd1 b5 7. c3 bxc4 8. cxd4 exd4 9. dxc4 c5 10. f3 Bg7 11. Ne2 0-0 12. Bg5 d6 13. h4 Qb6 14. Qb3 Qc7 15. Qd3 Nd7 16. b3 a5 17. a4 Ne5 18. Qd2 f5 19. Nf4 fxe4 20. h5 e3 21. Qe2 Qb7 22. Ra3 Qb4+ 23. Kd1 Bf5 24. Nd5 Qb7 25. Ne7+ Kf7 26. hxg6+ hxg6 27. Nxf5 gxf5 28. Kc1 Rh8 29. Rd1 Bh6 30. Bh4 d3 31. Rxd3 Bf4 32. Be1 Nxd3+ 33. Qxd3 Qd7 34. Nc3 Rae8 35. Ra2 Rh1 36. Re2 Bg3 37. Kd1 Qe6 38. Nd5 Qe5 39. Rxe3 Rxe1+ 40. Rxe1 Qxe1+ 41. Kc2 Re2+ 0-1

[Event "Samara Polugaevsky Memorial 4th"]
[Site "Samara"]
[Date "2014.07.04"]
[Round "3"]
[White "Makarova, Darya"]
[Black "Troyanok, Tatiana"]
[Result "0-1"]
[WhiteElo "1770"]
[BlackElo "1581"]
[PlyCount "106"]
[EventDate "2014.07.02"]
[EventType "swiss"]
[EventRounds "9"]
[EventCountry "RUS"]
[SourceTitle "CBM 161 Extra"]
[Source "ChessBase"]
[SourceDate "2014.08.29"]
[SourceVersion "1"]
[SourceVersionDate "2014.08.29"]
[SourceQuality "1"]

1. d4 d5 2. Nf3 Nf6 3. e3 e6 4. Bd3 c5 5. c3 Nc6 6. Nbd2 Bd6 7. 0-0 0-0 8. Re1 e5 9. dxe5 Nxe5 10. Nxe5 Bxe5 11. Nf3 Bc7 12. h3 b6 13. Qc2 Bb7 14. Ng5 h6 15. Nh7 Re8 16. Nxf6+ Qxf6 17. e4 dxe4 18. Bxe4 Qd6 19. g3 Bxe4 20. Rxe4 Rxe4 21. Qxe4 Qd1+ 22. Kg2 Rd8 23. Rb1 Qd5 24. Qxd5 Rxd5 25. Be3 Be5 26. Re1 b5 27. Kf3 Bf6 28. Re2 a5 29. Rd2 Rf5+ 30. Ke2 c4 31. g4 Re5 32. f4 Re7 33. Kf3 Rb7 34. Bd4 Be7 35. Be5 f6 36. Bd6 Rd7 37. Ke4 Rxd6 38. Rxd6 Bxd6 39. f5 b4 40. Kd5 bxc3 41. bxc3 Be5 42. Kxc4 Kf7 43. Kb5 Bxc3 44. Kc6 Ke7 45. a4 Be1 46. Kc5 Kd7 47. Kd5 Bb4 48. h4 Be1 49. h5 Bb4 50. Kd4 Kd6 51. Kd3 Kd5 52. Ke3 Kc4 53. Kf3 Kb3 0-1

[Event "Samara Polugaevsky Memorial 4th"]
[Site "Samara"]
[Date "2014.07.03"]
[Round "2"]
[White "Gusarov, Aleksey"]
[Black "Makarova, Darya"]
[Result "1-0"]
[WhiteElo "2100"]
[BlackElo "1770"]
[PlyCount "99"]
[EventDate "2014.07.02"]
[EventType "swiss"]
[EventRounds "9"]
[EventCountry "RUS"]
[SourceTitle "CBM 161 Extra"]
[Source "ChessBase"]
[SourceDate "2014.08.29"]
[SourceVersion "1"]
[SourceVersionDate "2014.08.29"]
[SourceQuality "1"]

1. e4 e5 2. Nf3 Nc6 3. Bb5 Nf6 4. 0-0 Bc5 5. c3 0-0 6. d4 Bb6 7. Re1 h6 8. d5 Ne7 9. Nxe5 d6 10. Nc4 Bg4 11. Qc2 Ng6 12. Nxb6 axb6 13. Be3 Bd7 14. Bxd7 Qxd7 15. h3 Rfe8 16. Nd2 Re7 17. Bd4 Nh5 18. Qd1 Nhf4 19. Qf3 Rae8 20. Re3 c5 21. dxc6 bxc6 22. c4 Qb7 23. Bc3 b5 24. cxb5 Qxb5 25. h4 Ne6 26. a4 Qa6 27. Qg3 Nef4 28. Kh1 d5 29. Qg4 dxe4 30. h5 Nd3 31. Rxd3 Qxd3 32. hxg6 fxg6 33. Qxg6 Rf8 34. f3 Qd5 35. Nxe4 Qe6 36. Qxe6+ Rxe6 37. a5 Ra8 38. a6 Re7 39. Bd4 Kf7 40. a7 Ke8 41. Bc5 Rd7 42. b4 Kd8 43. Ra6 Kc7 44. Bb6+ Kc8 45. Bf2 Kc7 46. Bg3+ Kd8 47. Bb8 Rd1+ 48. Kh2 Kd7 49. Nc5+ Ke8 50. Rxc6 1-0

[Event "Samara Polugaevsky Memorial 4th"]
[Site "Samara"]
[Date "2014.07.02"]
[Round "1"]
[White "Makarova, Darya"]
[Black "Iliushkin, Evgeny"]
[Result "0-1"]
[WhiteElo "1770"]
[BlackElo "2249"]
[PlyCount "110"]
[EventDate "2014.07.02"]
[EventType "swiss"]
[EventRounds "9"]
[EventCountry "RUS"]
[SourceTitle "CBM 161 Extra"]
[Source "ChessBase"]
[SourceDate "2014.08.29"]
[SourceVersion "1"]
[SourceVersionDate "2014.08.29"]
[SourceQuality "1"]

1. d4 Nf6 2. Nf3 e6 3. e3 b6 4. Bd3 Bb7 5. Nbd2 d5 6. b3 Nbd7 7. Bb2 Be7 8. 0-0 0-0 9. c4 Ne4 10. Rc1 Rc8 11. Qe2 Nxd2 12. Nxd2 c5 13. Nf3 g6 14. Rfd1 Re8 15. Bb1 Bf6 16. Ne5 Nxe5 17. dxe5 Bg7 18. f4 Qe7 19. Rd2 Rcd8 20. Rcd1 Rd7 21. Bd3 Red8 22. cxd5 Rxd5 23. Bc4 Rxd2 24. Rxd2 Rxd2 25. Qxd2 Qc7 26. Bc3 Bf8 27. Be2 Be4 28. Bd3 Qc6 29. Bxe4 Qxe4 30. g3 b5 31. Ba5 h5 32. Bd8 c4 33. Kf2 Qh1 34. h4 Qh2+ 35. Ke1 Qxg3+ 36. Kd1 Qf3+ 37. Kc2 Qe4+ 38. Kb2 cxb3 39. axb3 Qb4 40. Qd3 Qa3+ 41. Kb1 Qc5 42. Bg5 Qd5 43. Qc3 a5 44. Qc2 Qc5 45. Qd3 Qb4 46. e4 a4 47. f5 Qe1+ 48. Kc2 gxf5 49. exf5 Qf2+ 50. Kd1 Qxf5 51. Qc3 Qb1+ 52. Ke2 Qxb3 53. Qa1 Qc4+ 54. Kd2 Bb4+ 55. Ke3 Qc3+ 0-1

[Event "Samara Region-ch (Women)"]
[Site "Samara"]
[Date "2013.12.24"]
[Round "9"]
[White "Makarova, Darya"]
[Black "Kiryushova, Dariya"]
[Result "1-0"]
[WhiteElo "1779"]
[BlackElo "1579"]
[PlyCount "115"]
[EventDate "2013.12.16"]
[EventType "tourn"]
[EventRounds "9"]
[EventCountry "RUS"]
[EventCategory "1"]
[SourceTitle "CBM 158 Extra"]
[Source "ChessBase"]
[SourceDate "2014.02.28"]
[SourceVersion "1"]
[SourceVersionDate "2014.02.28"]
[SourceQuality "1"]

1. d4 d5 2. Nf3 Nf6 3. e3 e6 4. Bd3 Nbd7 5. Nbd2 c5 6. c3 Bd6 7. 0-0 0-0 8. e4 dxe4 9. Nxe4 Nxe4 10. Bxe4 cxd4 11. Qxd4 Nf6 12. Bc2 Be7 13. Bg5 h6 14. Bxf6 Bxf6 15. Qe4 g6 16. Rad1 Qc7 17. Rfe1 Bd7 18. Ne5 Bxe5 19. Qxe5 Qxe5 20. Rxe5 Bc6 21. Re2 Rad8 22. Red2 Rxd2 23. Rxd2 f5 24. Bb3 Kf7 25. Rd6 Re8 26. f3 Kf6 27. c4 Ke5 28. c5 Re7 29. Kf2 f4 30. Bc4 a5 31. b3 Be8 32. Ke2 b5 33. Bd3 Rc7 34. Rd8 Bf7 35. Bxb5 Rxc5 36. Bc4 a4 37. Rd7 axb3 38. axb3 Kf6 39. g3 fxg3 40. hxg3 Ra5 41. f4 g5 42. b4 Ra4 43. fxg5+ hxg5 44. Rb7 Bh5+ 45. Kf2 Ra3 46. Rb6 Bg4 47. b5 Rc3 48. Rc6 Rf3+ 49. Kg2 Rc3 50. Bd5 Rxc6 51. Bxc6 e5 52. b6 Bc8 53. b7 Bxb7 54. Bxb7 Kf5 55. Kf3 g4+ 56. Ke3 Kg5 57. Ke4 Kf6 58. Bc8 1-0